First Names of Composers - Statistics

General Stats
  • This quiz has been taken 43 times
  • The average score is 19 of 30
Answer Stats
Hint Answer % Correct
Bach (1685-1750) Johann
98%
Beethoven (1770-1827) Ludwig
90%
Mozart (1756-1791) Wolfgang
90%
Vivaldi (1678-1741) Antonio
85%
Liszt (1811-1886) Franz
85%
Stravinsky (1882-1971) Igor
85%
Schubert (1797-1828) Franz
78%
Haydn (1732-1809) Franz / Joseph
78%
Gershwin (1898-1937) George
78%
Brahms (1833-1897) Johannes
78%
Wagner (1813-1883) Richard
78%
Britten (1913-1976) Benjamin
75%
Handel (1685-1759) George
68%
Bernstein (1918-1990) Leonard
65%
Copland (1900-1990) Aaron
63%
Shostakovich (1906-1975) Dmitri
63%
Glass (b.1937) Philip
63%
Tchaikovsky (1840-1893) Pyotr
63%
Schumann (1810-1856) Robert
63%
Prokofiev (1891-1953) Sergei
58%
Schumann (1819-1896) Clara
55%
Purcell (1659-1695) Henry
55%
Mussorgsky (1839-1881) Modest
55%
Rachmaninoff (1873-1943) Sergei
55%
Telemann (1681-1767) Georg
43%
Scarlatti (1685-1757) Domenico
40%
Puccini (1858-1924) Giacomo
40%
Corelli (1653-1713) Arcangelo
20%
Czerny (1791-1857) Carl
20%
Bern (b.1955) Alan
3%
No matching quizzes found
Score Distribution
Percent of People with Each Score
Percentile by Number Answered
Your Score History
You have not taken this quiz